=LDR 00000nam 2200000 4500 =001 INLIS000000000036803 =005 20130612142552 =008 ***********************************Ind** =035 ##$$0010-061300000036803 =041 ##$$a Ind =082 ##$$a 641.5 =090 ##$$a 641.5, Ind r =100 ##$$a Indriani =245 ##$$a Resep masakan rumahan paling digemari sedapnya variasi semur, oleh Indriani ; editor, Intarina Hardiman =260 ##$$a 2011 $b Jakarta =300 ##$$a 57 hlm, ilus, 22 cm =650 ##$$a Masakan resep =700 ##$$a Hardiman, Intarina =850 ##$$a NBPNMAT